Introductory Methods of Numerical Analysis (Record no. 7880)

MARC details
000 -LEADER
fixed length control field 00317nam a2200133Ia 4500
008 - FIXED-LENGTH DATA ELEMENTS--GENERAL INFORMATION
fixed length control field 191201s2012 xx 000 0 und d
082 ## - DEWEY DECIMAL CLASSIFICATION NUMBER
Classification number 510
Item number SAI
100 ## - MAIN ENTRY--PERSONAL NAME
Personal name SASTRY,SS
245 #0 - TITLE STATEMENT
Title Introductory Methods of Numerical Analysis
250 ## - EDITION STATEMENT
Edition statement Rep
260 ## - PUBLICATION, DISTRIBUTION, ETC. (IMPRINT)
Date of publication, distribution, etc 2012
Name of publisher, distributor, etc PHI
Place of publication, distribution, etc New Delhi
300 ## - PHYSICAL DESCRIPTION
Extent 450
942 ## - ADDED ENTRY ELEMENTS (KOHA)
Source of classification or shelving scheme Dewey Decimal Classification
Koha item type Text Books
Holdings
Withdrawn status Lost status Source of classification or shelving scheme Damaged status Not for loan Collection code Home library Current library Date acquired Source of acquisition Cost, normal purchase price Bill Number Total Checkouts Full call number Acc. no. / Barcode Date last seen Actual Cost, discounted price Bill Date Koha item type
    Dewey Decimal Classification     BCA PIET C-LIBRARY PIET C-LIBRARY 26/11/2013 IBH, New Delhi 250.00 15736   510 SAI BC779 04/12/2019 168.00 26/11/2013 Text Books
    Dewey Decimal Classification     BCA PIET C-LIBRARY PIET C-LIBRARY 26/11/2013 IBH, New Delhi 250.00 15736   510 SAI BC780 04/12/2019 168.00 26/11/2013 Text Books
    Dewey Decimal Classification     BCA PIET C-LIBRARY PIET C-LIBRARY 26/11/2013 IBH, New Delhi 250.00 15736   510 SAI BC781 04/12/2019 168.00 26/11/2013 Text Books

Design & Developed by: PIET Central Library
R70 Miles Stone Pattikalyana Samalkha Panipat 132102
mail ID :- [email protected], Phone No:- 0180-2569700 Ex.216